Normal view
MARC view
- احمد، فاروق عبد العظم /م.مشارك: مختار محمود الهانسي ، امتثال محمد حسن
Entry Personal Name
001 - CONTROL NUMBER
- control field: 39927
003 - CONTROL NUMBER IDENTIFIER
- control field: JO-AjAnu
005 - DATE AND TIME OF LATEST TRANSACTION
- control field: 20230606080633.0
008 - FIXED-LENGTH DATA ELEMENTS
- fixed length control field: 230606|| aca||aabn | a|a d
040 ## - CATALOGING SOURCE
- Original cataloging agency: JO-AjAnu
- Transcribing agency: JO-AjAnu
100 ## - HEADING--PERSONAL NAME
- Personal name: احمد، فاروق عبد العظم /م.مشارك: مختار محمود الهانسي ، امتثال محمد حسن
670 ## - SOURCE DATA FOUND
- Source citation: Work cat.: (JO-AjAnu)20471: احمد، فاروق عبد العظم /م.مشارك: مختار محمود الهانسي ، امتثال محمد حسن, author, مبادىء الرياضة البحتة والمالية